| 000 | 00500nam a2200193Ia 4500 | ||
|---|---|---|---|
| 003 | OSt | ||
| 005 | 20250623160033.0 | ||
| 008 | 210210b2005 xxu||||| |||| 00| 0 eng d | ||
| 020 | _a978-0070615687 | ||
| 040 | _cAL | ||
| 082 | _a302 MYES | ||
| 100 |
_aMYERS (David G). _9215787 |
||
| 245 | _aSocial psychology. Ed.8. | ||
| 260 |
_aNew Delhi _bTata McGraw-Hill Publishing Company Ltd. _c2005 |
||
| 300 | _axxiv,792 | ||
| 690 |
_aSocial Psychology _9215788 |
||
| 906 | _aSG04862 | ||
| 942 |
_2ddc _cBB |
||
| 999 |
_c115416 _d115416 |
||